Países com maior diversidade étnica e racial - Statistics

Estatísticas Gerais
  • Esse quiz foi jogado 49 vezes
  • A pontuação média é 8 de 20
Estatísticas das Respostas
% Países % Correto
85.6 África do Sul
84%
85 Nigéria
69%
80.3 Indonésia
64%
77.9 Angola
58%
85.5 Quênia
56%
78.3 Etiópia
47%
88.3 Uganda
42%
85.5 Chade
40%
78.9 Gabão
38%
79.1 Malawi
33%
88 Togo
33%
85.2 Mali
31%
80.7 Filipinas
29%
79 Rep. Centro-Africana
27%
80.1 Serra Leoa
24%
80.8 Guiné-Bissau
22%
88.9 Libéria
20%
76.7 Burkina Faso
18%
86 Nepal
13%
80.2 Timor-Leste
7%
Nenhum quiz correspondente encontrado
Distribuição das Pontuações
Porcentagem de Pessoas com Cada Pontuação
Percentil de Números Respondidos
Sua Pontuação Histórica
Você não jogou esse quiz